000 00678nam a2200193Ii 4500
003 JO-AjNU
008 230605s9999||||xx |||||||||||||| ||und||
040 _aJO-AjNU
_bara
_erda
_cJO-AjNU
041 _aara
050 1 4 _aDS38.6.S526
100 3 _aالشكعة، مصطفى,
_eauthor
_959431
245 0 0 _aسيف الدولة الحمداني أو مملكة السيف ودولة الأقلام
264 3 1 _aبيروت: القاهرة: عالم الكتب، مكتبة المتنبي
300 _a321ص
336 _atext
_btxt
_2rdacontent
337 _aunmediated
_bn
_2rdamedia
338 _avolume
_bnc
_2rdacarrier
650 4 _aالحمدانيون- تاريخ
_959432
999 _aA26744
_c30312
_d30312